U.S.-German cooperation in the elimination of excess weapons plutonium (Record no. 33648)
[ view plain ]
| 000 -LEADER | |
|---|---|
| fixed length control field | 01236nam a2200289Ia 4500 |
| 245 00 - TITLE STATEMENT | |
| Title | U.S.-German cooperation in the elimination of excess weapons plutonium |
| 260 ## - PUBLICATION, DISTRIBUTION, ETC. (IMPRINT) | |
| Place of publication | Washington, D.C. : |
| Name of publisher | National Academy Press, |
| Year of publication | 1995. |
| 300 ## - PHYSICAL DESCRIPTION | |
| Number of Pages | xiv, 76 p. : |
| Other physical details | ill. |
| 650 #0 - SUBJECT ADDED ENTRY--TOPICAL TERM | |
| Topical Term | Radioactive waste disposal. |
| Topical Term | Plutonium. |
| Topical Term | Disarmament. |
| 856 40 - ELECTRONIC LOCATION AND ACCESS | |
| Uniform Resource Identifier | http://site.ebrary.com/lib/rucke/Doc?id=10072037 |
No items available.
